pticles and fields (Record no. 11299)

MARC details
000 -LEADER
fixed length control field 00890nam a2200241Ia 4500
003 - CONTROL NUMBER IDENTIFIER
control field IN-BaIIA
008 - FIXED-LENGTH DATA ELEMENTS--GENERAL INFORMATION
fixed length control field 211028s9999 xx 000 0 eng d
020 ## - INTERNATIONAL STANDARD BOOK NUMBER
International Standard Book Number 981-02-1709-9
040 ## - CATALOGING SOURCE
Transcribing agency IIA Library
080 ## - UNIVERSAL DECIMAL CLASSIFICATION NUMBER
Universal Decimal Classification number 539.12(082.1)
Item number PAR
111 ## - MAIN ENTRY--MEETING NAME
Meeting name or jurisdiction name as entry element 1993 Workshop on pticles and Fields
Location of meeting Merida,Yucatan
Date of meeting or treaty signing 1993 Oct. 25-29
9 (RLIN) 19372
245 #0 - TITLE STATEMENT
Title pticles and fields
Remainder of title proceedings of the 1993 Workshop on pt.icles and fields, held in Merida,Yucatan, Mexico, 25-29 Oct 1993
Statement of responsibility, etc. edited by R Huerta , Miguel Angel Perez and Luis F Urrutia 
260 ## - PUBLICATION, DISTRIBUTION, ETC.
Place of publication, distribution, etc. Singapore
Name of publisher, distributor, etc. World Scientific
Date of publication, distribution, etc. 1994
300 ## - PHYSICAL DESCRIPTION
Extent [various pagings.]
650 ## - SUBJECT ADDED ENTRY--TOPICAL TERM
Topical term or geographic name entry element Astronomy and Astrophysics thesaurus
650 ## - SUBJECT ADDED ENTRY--TOPICAL TERM
Topical term or geographic name entry element Fields
9 (RLIN) 19373
650 ## - SUBJECT ADDED ENTRY--TOPICAL TERM
Topical term or geographic name entry element Physics
9 (RLIN) 73
650 ## - SUBJECT ADDED ENTRY--TOPICAL TERM
Topical term or geographic name entry element pticle Physics
9 (RLIN) 2818
700 ## - ADDED ENTRY--PERSONAL NAME
Personal name Huerta, R., ed.
9 (RLIN) 19374
700 ## - ADDED ENTRY--PERSONAL NAME
Personal name Perez, M. A.
9 (RLIN) 19375
700 ## - ADDED ENTRY--PERSONAL NAME
Personal name Urrutia, L. F., ed.
9 (RLIN) 19376
942 ## - ADDED ENTRY ELEMENTS (KOHA)
Koha item type Books
Holdings
Withdrawn status Lost status Damaged status Not for loan Home library Current library Shelving location Date acquired Total Checkouts Full call number Barcode Date last seen Price effective from Koha item type
        IIA Library-Bangalore IIA Library-Bangalore General Stacks 20/03/1995   539.12(082.1)/ PAR 12214 05/11/2021 20/03/1995 Books

Powered by Koha